<?xml version="1.0" encoding="UTF-8"?>
<collection xmlns="http://www.loc.gov/MARC21/slim">
 <record>
  <leader>     na                 </leader>
  <controlfield tag="001">INLIS000000000020964</controlfield>
  <controlfield tag="005">20230512113257</controlfield>
  <datafield tag="035" ind1=" " ind2=" ">
   <subfield code="a">0010-0523000303</subfield>
  </datafield>
  <controlfield tag="007">ta</controlfield>
  <controlfield tag="008">230512                e          0 ind  </controlfield>
  <datafield tag="020" ind1=" " ind2=" ">
   <subfield code="a">978-623-7100-58-4</subfield>
  </datafield>
  <datafield tag="082" ind1=" " ind2=" ">
   <subfield code="a">155.25</subfield>
  </datafield>
  <datafield tag="084" ind1=" " ind2=" ">
   <subfield code="a">155.25 SUH t</subfield>
  </datafield>
  <datafield tag="100" ind1="0" ind2=" ">
   <subfield code="a">Suh Yoon Lee</subfield>
   <subfield code="e">Pengarang</subfield>
  </datafield>
  <datafield tag="245" ind1="1" ind2=" ">
   <subfield code="a">The Having :</subfield>
   <subfield code="b">Seni Merasa dan Menjadi Kaya</subfield>
  </datafield>
  <datafield tag="250" ind1=" " ind2=" ">
   <subfield code="a">Cetakan 1</subfield>
  </datafield>
  <datafield tag="300" ind1=" " ind2=" ">
   <subfield code="a">xx + 356 halaman :</subfield>
   <subfield code="b">Ilustrasi ;</subfield>
   <subfield code="c">20 cm</subfield>
  </datafield>
  <datafield tag="650" ind1=" " ind2="4">
   <subfield code="a">Perkembangan Kepribadian</subfield>
  </datafield>
  <datafield tag="650" ind1=" " ind2="4">
   <subfield code="a">Motivasi Diri</subfield>
  </datafield>
  <datafield tag="700" ind1="0" ind2=" ">
   <subfield code="a">Jooyun Hong</subfield>
   <subfield code="e">Pengarang</subfield>
  </datafield>
  <datafield tag="700" ind1="0" ind2=" ">
   <subfield code="a">Rani Andriani Koswara</subfield>
   <subfield code="e">Penyunting</subfield>
  </datafield>
  <datafield tag="700" ind1="0" ind2=" ">
   <subfield code="a">Stephanie Mamonto</subfield>
   <subfield code="e">Penerjemah</subfield>
  </datafield>
  <datafield tag="520" ind1=" " ind2=" ">
   <subfield code="a">Kapan terakhir kali Anda merasakan hidup yang sesungguhnya?&#13;
&#13;
Kita terlalu fokus pada cara hidup yang mungkin diturunkan dari generasi orangtua. Cara itu tidak salah, hanya saja terkadang membuat kita lupa melihat sekeliling dan menikmati apa yang kita punya.&#13;
&#13;
Suh Yoon Lee, sang Guru bagi para orang kaya di Korea Selatan memaparkan pada Jooyun Hong bagaimana The Having—Memiliki, dapat menjadikan kita kaya secara sejati. Orang kaya sejati yang tahu bagaimana menikmati kebahagiaan saat membelanjakan uang dan menghasilkan lebih banyak uang dengan sedikit usaha.&#13;
&#13;
Memiliki adalah seni mengubah jalan hidup dan mendekatkan kita dengan nasib mujur melalui berbagai emosi yang ada di dalam diri sendiri. Melalui buku ini, kita diajak mengubah perspektif dari melihat apa yang hilang menjadi apa yang ada. Jika Anda menikmati uang dengan energi positif, Anda pasti akan menarik lebih banyak uang. Efek dari Memiliki pun akan muncul paling cepat dalam dua minggu dan paling lambat tiga bulan.&#13;
&#13;
Siap menjadi orang kaya sejati?</subfield>
  </datafield>
  <datafield tag="264" ind1=" " ind2=" ">
   <subfield code="a">Jakarta Selatan :</subfield>
   <subfield code="b">TransMedia Pustaka,</subfield>
   <subfield code="c">2021</subfield>
  </datafield>
  <datafield tag="336" ind1=" " ind2=" ">
   <subfield code="2">rdacontent</subfield>
   <subfield code="a">Teks</subfield>
  </datafield>
  <datafield tag="337" ind1=" " ind2=" ">
   <subfield code="2">rdamedia</subfield>
   <subfield code="a">Tanpa Perantara</subfield>
  </datafield>
  <datafield tag="338" ind1=" " ind2=" ">
   <subfield code="2">rdacarrier</subfield>
   <subfield code="a">Lembar</subfield>
  </datafield>
  <datafield tag="990" ind1=" " ind2=" ">
   <subfield code="a">073119</subfield>
  </datafield>
  <datafield tag="990" ind1=" " ind2=" ">
   <subfield code="a">073120</subfield>
  </datafield>
  <datafield tag="990" ind1=" " ind2=" ">
   <subfield code="a">073121</subfield>
  </datafield>
 </record>
</collection>
